Statistics for Typing African Countries In 2 Minutes

Click here to take the quiz!

General Stats

  • This quiz has been taken 57 times
  • The average score is 45 of 54

Answer Stats

HintAnswer% Correct
AlgeriaAlgeria
100%
AngolaAngola
100%
BurundiBurundi
100%
ChadChad
100%
BeninBenin
97%
BotswanaBotswana
97%
Burkina FasoBurkina Faso
97%
CameroonCameroon
97%
EgyptEgypt
97%
EritreaEritrea
94%
Cape VerdeCape Verde
90%
Central African RepublicCentral African Republic
90%
ComorosComoros
90%
Cote d'IvoireCote d'Ivoire
90%
DjiboutiDjibouti
90%
EthiopiaEthiopia
90%
NigerNiger
90%
Equatorial GuineaEquatorial Guinea
87%
MoroccoMorocco
87%
NigeriaNigeria
87%
GabonGabon
84%
GambiaGambia
84%
GhanaGhana
84%
KenyaKenya
84%
MaliMali
84%
MauritaniaMauritania
84%
SomaliaSomalia
84%
GuineaGuinea
81%
LesothoLesotho
81%
MozambiqueMozambique
81%
SenegalSenegal
81%
South AfricaSouth Africa
81%
SudanSudan
81%
Democratic Republic of CongoDemocratic Republic of Congo
77%
Guinea BissauGuinea Bissau
77%
LiberiaLiberia
77%
LibyaLibya
77%
MadagascarMadagascar
77%
MalawiMalawi
77%
NamibiaNamibia
77%
RwandaRwanda
77%
Sierra LeoneSierra Leone
77%
South SudanSouth Sudan
77%
Sao Tome and PrincipeSao Tome and Principe
74%
SeychellesSeychelles
74%
TanzaniaTanzania
74%
MauritiusMauritius
71%
Republic of CongoRepublic of Congo
71%
SwazilandSwaziland
71%
TogoTogo
71%
TunisiaTunisia
71%
UgandaUganda
61%
ZambiaZambia
61%
ZimbabweZimbabwe
58%

Score Distribution

Percentile by Number Answered

Percent of People with Each Score

Your Score History

You have not taken this quiz